000 00677nam a2200229Ia 4500
001 16860
003 GE_BSU
008 181216s||||||||xx |||||||||||||| ||und||
040 _cGE_BSU
080 _a821.353.1-1
100 _aბერიაშვილი, ბერდია
245 _aღია ფანჯრიდან
245 _bლექსები
245 _cრედ.ი.არაბული
260 _aთბილისი
260 _bსაბჭ. საქართველო
260 _c1983
300 _a134გვ. ; 20სმ.
653 _aლექსები
653 _aღია ფანჯრიდან
942 _cBK
999 _c49924
_d49924